Les 20 villes les plus peuplées de Gironde - Statistiques

Statistiques générales
  • Ce quiz a été pris 191 fois
  • Le résultat moyen est 11 sur 20
Statistiques - réponses
Population Villes % Correct
261 804 Bordeaux
100%
75 729 Mérignac
93%
66 760 Pessac
86%
45 225 Talence
82%
24 557 Libourne
80%
30 813 Bègle
74%
26 778 Cenon
60%
23 291 Lormont
60%
40 500 Villenave-d'Ornon
58%
25 835 Gradignan
53%
26 556 La Teste-de-Buch
49%
20 215 Bruges
47%
17 749 Floirac
47%
24 339 Le Bouscat
42%
32 538 Saint-Médard-en-Jalles
42%
24 374 Eysines
41%
16 789 Cestas
38%
16 004 Blanquefort
36%
22 399 Gujan-Mestras
27%
16 798 Ambarès-et-Lagrave
19%
Aucun quiz correspondant
Distribution des résultats
% des personnes avec chaque résultat
Percentile par nombre de réponses
Votre historique - résultats
Vous n’avez pas pris ce quiz